Loading...
| Philosophy | 4 | 3 | 2 | 2 | 80 | 32 | 77.43 | 6 | 7 |
| Literature - American Literature | 4 | 2 | 1 | 0 | 75 | 26 | 65.83 | 1 | 6 |
| Literature - European Literature | 3 | 3 | 3 | 1 | 60 | 45 | 65.33 | 3 | 6 |
| Literature - World Literature | 3 | 1 | 1 | 0 | 50 | 51 | 66.25 | 2 | 4 |
| Science - Biology | 2 | 2 | 2 | 1 | 40 | 55 | 86.50 | 1 | 4 |
| Literature - British Literature | 3 | 0 | 3 | 0 | 30 | 53 | 61.33 | 2 | 3 |
| Visual Arts | 0 | 2 | 0 | 1 | 20 | 91 | 116.50 | 1 | 2 |
| Current Events | 1 | 1 | 1 | 0 | 20 | 47 | 75.00 | 1 | 2 |
| History - American History | 0 | 3 | 2 | 0 | 20 | 93 | 99.33 | 1 | 3 |
| Science - Chemistry | 0 | 2 | 0 | 1 | 20 | 75 | 105.50 | 0 | 2 |
| Auditory Arts | 0 | 3 | 2 | 1 | 20 | 87 | 106.33 | 0 | 3 |
| Science - Physics | 0 | 2 | 1 | 1 | 15 | 96 | 103.00 | 0 | 2 |
| Fine Arts - Other Arts | 0 | 2 | 1 | 0 | 15 | 82 | 89.50 | 1 | 2 |
| Beliefs | 1 | 2 | 4 | 0 | 15 | 63 | 85.33 | 3 | 3 |
| Social Science | 0 | 3 | 3 | 0 | 15 | 69 | 81.00 | 1 | 3 |
| History - Ancient History | 0 | 1 | 0 | 0 | 10 | 137 | 137.00 | 1 | 1 |
| Science - Other Science | 0 | 1 | 0 | 1 | 10 | 133 | 133.00 | 0 | 1 |
| History - European History | 0 | 1 | 1 | 0 | 5 | 66 | 66.00 | 1 | 1 |
| History - Other History | 0 | 0 | 0 | 0 | 0 | 0.00 | 0 | 0 | |
| History - World History | 0 | 0 | 1 | 0 | -5 | 0.00 | 0 | 0 |